| 000 | 00687nmc a2200265 a 4500 | ||
|---|---|---|---|
| 003 | AR-BaBNM | ||
| 005 | 20251128204102.0 | ||
| 008 | 305019s1992 ||||||||||||||000 | spa|| | ||
| 020 | _a950-2606-6 | ||
| 040 | _cAR-BaBNM | ||
| 100 | 1 | _aCambaceres, Eugenio | |
| 245 | 1 | 0 | _aSin rumbo |
| 260 |
_aBuenos Aires _bCentro Editor de América Latina _c1992 |
||
| 300 | 1 | _avii, 110 p. | |
| 490 | 0 | _aBiblioteca básica Argentina. Serie A | |
| 650 | 4 | _aLITERATURA ARGENTINA | |
| 650 | 4 | _aNOVELAS | |
| 650 | 4 | _aGENERACION DE 1880 | |
| 653 | 0 | _aNATURALISMO | |
| 653 | 0 | _aNOVELA SOCIAL | |
| 655 | _aLITERATURA | ||
| 700 | 1 |
_aPonce, Liliana _eprologuista |
|
| 942 | _cBK | ||
| 998 | _cEthel | ||
| 999 |
_c6111 _d6111 |
||